00470pam a2200181 a 4500001000800000005001700008008004100025010001700066020002000083040001800103041000800121080001900129082002300148100000600171101000800177245004100185504006200226161563520180208074042.0950515s1995 enk b 001 0 eng  a 95021584  a1853022667 (pb) aDLCcDLCdDLC aeng a616.8914 ben00a616.8914 ben2201 a3 ashm14aThe listening reader :cBen Knights. aIncludes bibliographical references (p. 160) and indexes.